000 00375nam a2200169Ia 4500
008 210210b1911 xxu||||| |||| 00| 0 eng d
041 _aeng
082 _a920/1
100 _aACTON (Lord)
245 _aStudy of history
260 _aLondon
_bMacmillan & Co. Ltd.
_c1911
650 _aStudy
650 _aof
650 _ahistory
690 _aTravel
906 _a024742
999 _c150364
_d150364